El niño que enloqueció de amor
Guardado en:
| Autor principal: | |
|---|---|
| Formato: | Libro |
| Lenguaje: | español |
| Publicado: |
Buenos Aires
Losada
1948
|
| Colección: | Biblioteca Contemporánea
|
| Materias: | |
| Etiquetas: |
Agregar Etiqueta
Sin Etiquetas, Sea el primero en etiquetar este registro!
|
MARC
| LEADER | 00000nam a2200000 a 4500 | ||
|---|---|---|---|
| 001 | UCQ2221 | ||
| 003 | CL-VaPUC | ||
| 008 | 980724e19480000AG |||||||||||||||||spa|d | ||
| 082 | 0 | 4 | |a Ch863 |b BAR |2 21 |
| 100 | 0 | |a Barrios, Eduardo |e author |9 320692 | |
| 245 | 1 | 3 | |a El niño que enloqueció de amor |
| 246 | 1 | 0 | |a Pobre feo! |
| 246 | 1 | 0 | |a Papá y Mamá |
| 300 | |a 127 p | ||
| 942 | |c BK | ||
| 945 | |d 19980724 00:00:00 |a lriquelm | ||
| 260 | |a Buenos Aires |b Losada |c 1948 | ||
| 650 | 0 | |a Novelas chilenas |9 265425 | |
| 650 | 0 | |a Poesías chilenas |9 265280 | |
| 650 | 0 | |a Literatura chilena |9 308278 | |
| 583 | |a last modification |c 19980724 00:00:00 |k Rodrigo Vera | ||
| 490 | 0 | |a Biblioteca Contemporánea | |
| 999 | |c 273059 |d 273057 | ||
| 952 | |0 0 |1 0 |4 0 |6 CH_863_000000000000000_BAR_1948 |7 0 |8 A |9 308336 |a BIBEDU |b BIBEDU |d 2019-11-20 |i 1443801 |l 1 |o Ch863 BAR 1948 |p 1443801 |r 2022-08-24 |s 2022-08-01 |w 2019-11-20 |y BK |k LIT | ||